000 01444nam a2200361Ia 4500
001 ocm52612816
003 OCoLC
005 20200320180506.0
008 030715s2003 nyua j 000 1 eng d
020 _a0689857217 (pbk.) :
_c$3.50
020 _c12.96
040 _aIMF
_cIMF
_dOCLCQ
_dIXA
_dWACOL
049 _aWACL
090 _aPZ7.S58585
_bMuc 2003
092 _aE
_bSil
100 1 _aSilverhardt, Lauryn.
_95827547
245 1 0 _aMuck's muddy day /
_cadapted by Lauryn Silverhardt ; based on a book by Diane Redmons.
246 1 _iAt head of title:
_aBob the builder
260 _aNew York :
_bSimon Spotlight,
_cc2003.
300 _a[24] p. :
_bcol. ill. ;
_c20 cm.
440 0 _aBob the builder
_951551
500 _aTV tie-in.
520 _a"Travis gets stuck in the mud, and it's up to Muck to pull him out. When Muck finally gets Travis out, mud splatters everywhere! ..."
500 _a"Based on the television series Bob the Builder created by HIT Entertainment PCL and Keith Chapman as seen on Nick, Jr. Photos by Hot Animation."
650 1 _aBob the Builder (Fictitious character)
_vFiction.
_95719408
650 1 _aTrucks
_vFiction.
_95675041
650 1 _aMud
_vFiction.
_95762504
700 1 _aRedmond, Diane.
_960800
942 _cBOOK
_073
948 _a12/17/2004
_zSirsi
994 _a02
_bWACOL
996 _a40049
_b34301000445686
_ce
_dbk
_ewcl
_fi
_g73
_h12.96
_lPenworthy
_mSil
_p12/17/2004
_q12/09/2019
_r11/18/2019
999 _c260479
_d260479